| 000 | 00454nam a22001697a 4500 | ||
|---|---|---|---|
| 008 | 230515b |||||||| |||| 00| 0 eng d | ||
| 040 |
_aNational Science Library _cNational Science Library |
||
| 080 |
_a551.4(100) _bJ9 |
||
| 100 |
_aFraser, Ronald _98928 |
||
| 245 | _aOnce round the sun | ||
| 250 | _a2nd ed. | ||
| 260 |
_aLondon: _bHodder & Stoughton, _c1959 |
||
| 300 | _axiv, 178p. | ||
| 650 | _aSun | ||
| 653 | _aGeophysical | ||
| 942 |
_2udc _cBK |
||
| 999 |
_c29949 _d29949 |
||